000 00695nam a2200229Ia 4500
003 OSt
005 20220926003048.0
006 a|||||r|||| 00| 0
007 ta
008 220923b |||||||| |||| 00| 0 eng d
037 _cGeneral Book
040 _aRTL
_cRTL
_beng
041 _2eng
_aeng
082 _aX9(M73).2.N8, N0
100 _aSinha Sanjay
_9283370
245 0 _aDevelopment of Indian silk
_b A wealth of opportuni
260 _a New Delhi
_bOxford & I B H India
_c1990
300 _axi,103p. Bib p. 103-103 Appendix p. 98-100
_ccm.
650 _aSilk Industry
_9241488
942 _hX9(M73).2.N8, N0
_cGB
_2CC
999 _c606756
_d606756